00625nam a2200181 a 4500001001000000005001700010020002500027020002800052041000800080050001300088245007900101260004300180300003200223500002700255500011300282546003600395650001200431BRCA_843120190320210257.0 a9786076053416 (INBA) a9788494352720 (El Viso) aspa 4bL36 201510aLandscapes of the Mindbpaisajismo británico colección Tate 1690-2007. aMéxicobMuseo Nacional de Artec2015 a227 p.bil. a colorc26 cm. aIncluye lista de obras aCatálogo de la exposición realizada en el Museo Nacional de Arte (Ciudad de México), marzo-julio, 2015 aTexto en : español e inglés14aPaisaje